All 1M Cities Starting with “A” to Country - Statistics

General Stats
  • This quiz has been taken 366 times
  • The average score is 29 of 37
Answer Stats
City Country % Correct
Abu Dhabi United Arab Emirates
98%
Amsterdam Netherlands
96%
Algiers Algeria
95%
Adelaide Australia
94%
Alexandria Egypt
94%
Addis Ababa Ethiopia
94%
Ankara Turkey
93%
Antwerp Belgium
92%
Athens Greece
92%
Amman Jordan
92%
Abuja Nigeria
91%
Atlanta United States
91%
Accra Ghana
90%
Austin United States
90%
Ahmedabad India
89%
Auckland New Zealand
89%
Asunción Paraguay
89%
Aleppo Syria
88%
Agra India
87%
Antananarivo Madagascar
86%
Almaty Kazakhstan
82%
Ashgabat Turkmenistan
81%
Antalya Turkey
80%
Allahabad India
79%
Abidjan Ivory Coast
79%
Anyang China
77%
Aurangabad India
71%
Aguascalientes Mexico
71%
Amritsar India
69%
Anshan China
62%
Ahvaz Iran
56%
Adana Turkey
56%
Alīgarh India
54%
Aba Nigeria
53%
Agadir Morocco
51%
Angeles Philippines
48%
Āsansol India
43%
No matching quizzes found
Score Distribution
Percent of People with Each Score
Percentile by Number Answered
Your Score History
You have not taken this quiz